MARC

LEADER 00000nam2a2200000 4500
001 252974
005 20231101232811.0
035 |a (RuTPU)RU\TPU\book\275341 
090 |a 252974 
100 |a 20140306d1984 m y0rusy50 ca 
101 1 |a rus  |c eng 
102 |a RU 
105 |a a j 001zy 
200 0 |a Т. 3 : Волны  |f Ф. Крауфорд  |g под ред. А. И. Шальникова, А. О. Вайсенберга 
210 |d 1984 
215 |a 512 с.  |c ил. 
320 |a Библиогр.: с. 511 
461 1 |0 (RuTPU)RU\TPU\book\41362  |t Берклеевский курс физики  |o в 5 т.  |o пер. с англ.  |v Т. 3 : Волны  |e 3-е изд., испр.  |d 1983-1986 
606 1 |a Физика  |2 stltpush  |3 (RuTPU)RU\TPU\subj\63709  |9 80688 
610 1 |a волны 
610 1 |a простые системы 
610 1 |a свободные колебания 
610 1 |a вынужденные колебания 
610 1 |a бегущие волны 
610 1 |a отражение 
610 1 |a модулированные колебания 
610 1 |a импульсы 
610 1 |a поляризация 
610 1 |a интерференция 
610 1 |a дифракция 
610 1 |a дополнения 
610 1 |a учебные пособия 
675 |a 53(075.8)  |v 3 
700 1 |a Крауфорд  |b Ф. 
702 1 |a Шальников  |b А. И.  |g Александр Иосифович  |4 340 
702 1 |a Вайсенберг  |b А. О.  |4 340 
801 1 |a RU  |b 63413507  |c 20140306 
801 2 |a RU  |b 63413507  |c 20230313  |g RCR 
942 |c BK